000 00566nam a2200133 a 4500
008 140422s1995 ||||||||||||||||| || u
050 _aIBRD(058)WDR/ES/1995
110 _aWorld Bank
245 1 0 _aWorld development report 1995: workers in an integrating world: executive summary
260 _aWashington, D.C.
_bWorld Bank
_c1995
300 _aiv, 15p.: ill.
650 0 _aECONOMIC DEVELOPMENT--AFRICA, SUB-SAHARAN
995 _FCBU-MAIN LIBRARY (Kitwe)
_M1
_UAVAILABLE
_WApr 22, 2014
_ZInternational Publications
999 _c62053
_d62053